| 000 | 00356nam a2200145Ia 4500 | ||
|---|---|---|---|
| 008 | 230524s9999 xx 000 0 und d | ||
| 082 |
_a612.3812 _bMUM |
||
| 100 |
_aAlan Mumfond _96197 |
||
| 245 | 0 | _aEffective Learning | |
| 260 |
_aHYDERABAD _bUniversity Press _c2000 |
||
| 300 | _aV;69 | ||
| 500 | _aQuantity Number: 1 | ||
| 650 | _aEnglish | ||
| 942 | _cBK | ||
| 999 |
_c8711 _d8711 |
||